Handbook of healthcare analytics : theoretical minimum for conducting 21st century research on healthcare operations /

Bibliographic Details
Other Authors: Dai, Tinglong, (Editor), Tayur, Sridhar, (Editor)
Format: eBook
Language:English
Published: Hoboken, NJ : Wiley, 2018.
Subjects:
Online Access:Click to View
LEADER 01815nam a2200421 i 4500
001 EBC5484227
003 MiAaPQ
005 20200520144314.0
006 m o d |
007 cr cnu||||||||
008 180825s2018 nju ob 001 0 eng d
020 |z 9781119300946 
020 |a 9781119300960  |q (electronic bk.) 
035 |a (MiAaPQ)EBC5484227 
035 |a (Au-PeEL)EBL5484227 
035 |a (CaPaEBR)ebr11597976 
035 |a (OCoLC)1048786270 
040 |a MiAaPQ  |b eng  |e rda  |e pn  |c MiAaPQ  |d MiAaPQ 
050 4 |a R858  |b .H363 2018 
082 0 |a 610.285  |2 23 
245 0 0 |a Handbook of healthcare analytics :  |b theoretical minimum for conducting 21st century research on healthcare operations /  |c edited by Tinglong Dai, Sridhar Tayur. 
264 1 |a Hoboken, NJ :  |b Wiley,  |c 2018. 
300 |a 1 online resource (466 pages) 
336 |a text  |b txt  |2 rdacontent 
337 |a computer  |b c  |2 rdamedia 
338 |a online resource  |b cr  |2 rdacarrier 
504 |a Includes bibliographical references and index. 
588 |a Description based on print version record. 
590 |a Electronic reproduction. Ann Arbor, MI : ProQuest, 2018. Available via World Wide Web. Access may be limited to ProQuest affiliated libraries. 
650 0 |a Medicine  |x Data processing. 
650 0 |a Medical care  |x Data processing. 
650 0 |a Medical care  |x Information services. 
655 4 |a Electronic books. 
700 1 |a Dai, Tinglong,  |e editor. 
700 1 |a Tayur, Sridhar,  |e editor. 
776 0 8 |i Print version:  |t Handbook of healthcare analytics : theoretical minimum for conducting 21st century research on healthcare operations.  |d Hoboken, NJ : Wiley, 2018   |h 466 pages   |z 9781119300946 
797 2 |a ProQuest (Firm) 
856 4 0 |u https://ebookcentral.proquest.com/lib/matrademy/detail.action?docID=5484227  |z Click to View